书目信息 |
| 题名: |
盛开90后
|
|
| 作者: | 方达 主编 | |
| 分册: | 11 半度微凉 | |
| 出版信息: | 天津 新蕾出版社 2011.07 |
|
| 页数: | 264页 | |
| 开本: | 24cm | |
| 丛书名: | 盛于繁花·锦绣绽开 专题书系 | |
| 单 册: | ||
| 中图分类: | I217.61 , I247.7 | |
| 科图分类: | ||
| 主题词: | 中国文学--当代文学--作品集 , 短篇小说--小说集--中国--当代 , 中国文学 , 当代文学 , 短篇小说 | |
| 电子资源: | ||
| ISBN: | 978-7-5307-5191-6 | |
| 000 | 01061oam2 2200325 450 | |
| 001 | 010000010418 | |
| 005 | 20120321102857.32 | |
| 010 | @a978-7-5307-5191-6@dCNY26.90 | |
| 100 | @a20110829d2011 em y0chiy50 ea | |
| 101 | 0 | @achi |
| 102 | @aCN@b120000 | |
| 105 | @aa z 000ay | |
| 106 | @ar | |
| 200 | 1 | @a盛开90后@9sheng kai 90 hou@h11@i半度微凉@e小说新作范本@f方达主编 |
| 210 | @a天津@c新蕾出版社@d2011.07 | |
| 215 | @a264页@c图@d24cm | |
| 225 | 2 | @a盛于繁花·锦绣绽开 专题书系@v02-02-11 |
| 330 | @a本书主要内容包括:涟漪时代;青春写真;阴天;边缘人;青葱岁月;烟;玉堂春;负片;梧桐与光;我不要做特长生;刑等。 | |
| 461 | 0 | @12001 @a盛于繁花·锦绣绽开 专题书系@v02-02-11 |
| 517 | 1 | @a小说新作范本@9xiao shuo xin zuo fan ben |
| 606 | 0 | @a中国文学@x当代文学@x作品集 |
| 606 | 0 | @a短篇小说@x小说集@y中国@z当代 |
| 606 | 0 | @a中国文学 |
| 606 | 0 | @a当代文学 |
| 606 | 0 | @a短篇小说 |
| 690 | @aI217.61@v4 | |
| 690 | @aI247.7@v4 | |
| 701 | 0 | @a方达@9fang da@4主编 |
| 801 | 0 | @aCN@bRENTIAN@c20110829 |
| 905 | @b538587-91@dI217.61@e634@f5 | |
| 盛开90后.11.半度微凉:小说新作范本/方达主编.-天津:新蕾出版社,2011.07 |
| 264页:图;24cm.-(盛于繁花·锦绣绽开 专题书系;02-02-11) |
| ISBN 978-7-5307-5191-6:CNY26.90 |
| 本书主要内容包括:涟漪时代;青春写真;阴天;边缘人;青葱岁月;烟;玉堂春;负片;梧桐与光;我不要做特长生;刑等。 |
| ● |
| 相关链接 |
|
|
|
|
正题名:盛开90后
索取号:I217.61/634
 
预约/预借
| 序号 | 登录号 | 条形码 | 馆藏地/架位号 | 状态 | 备注 |
| 1 | 538587 | 205385876 | 第一样本阅览室/ [索取号:I217.61/634] | 在馆 | |
| 2 | 538588 | 205385885 | 第二借阅区/ [索取号:I217.61/634] | 在馆 | |
| 3 | 538589 | 205385894 | 第二借阅区/ [索取号:I217.61/634] | 在馆 | |
| 4 | 538590 | 205385901 | 第二借阅区/ [索取号:I217.61/634] | 在馆 | |
| 5 | 538591 | 205385910 | 第二借阅区/ [索取号:I217.61/634] | 在馆 |